Statistics for Random 'Top and Tail' Word Quiz - G

Click here to take the quiz!

General Stats

  • This quiz has been taken 94 times
  • The average score is 12 of 20

Answer Stats

HintLettersAnswer% Correct
Association of criminals4Gang
92%
Russian prison camp for political prisoners5Gulag
90%
What you might be doing in a casino8Gambling
88%
Percussion instrument4Gong
85%
Booking for musicians3Gig
83%
Young goose7Gosling
83%
Decisive battle in the American Civil War10Gettysburg
81%
Old Royal Navy ration of rum mixed with water4Grog
80%
Gurgling sound of liquid being poured from a bottle4Glug
76%
Chinese herb believed to have medicinal powers7Ginseng
75%
Castrated male horse7Gelding
73%
Second largest city in Sweden10Gothenburg
70%
German printing pioneer9Gutenburg
70%
Assembly of people in one place9Gathering
67%
American professional baseball player; Lou6Gehrig
67%
Luxury camping8Glamping
63%
Polite word of welcome on meeting8Greeting
63%
Action of fitting windows with glass7Glazing
58%
Norwegian composer5Grieg
58%
Process of applying gold leaf to a surface7Gilding
55%
American poet and writer; Allen8Ginsberg
54%
German Nazi Party leader7Goering
53%
Rapid-firing multiple-barrel machine gun7Gatling
45%
Twilight in Scotland when you might go roaming8Gloaming
42%
Reddish brown North American marmot9Groundhog
29%
Province of China, sometimes known as Canton9Guangdong
22%
Table with a fixed section and one or two hinged leaves7Gateleg
17%
European freshwater salmonoid fish8Grayling
16%
Largest of the wild geese native to Europe7Greylag
14%
Container for hydrogen in a Zeppelin airship6Gasbag
13%

Score Distribution

Percentile by Number Answered

Percent of People with Each Score

Your Score History

You have not taken this quiz